1 liga 2025/2026 - kluby - Statystyki

Ogólne statystyki
  • Ten quiz został rozwiązany 72 razy
  • Średni wynik to 14 z 18
Statystyki odpowiedzi
Klub % Poprawnych
Wisła Kraków
96%
Ruch Chorzów
87%
Śląsk Wrocław
87%
Wieczysta Kraków
87%
GKS Tychy
81%
Polonia Warszawa
81%
ŁKS Łódź
78%
Miedź Legnica
78%
Puszcza Niepołomice
78%
Stal Mielec
78%
Pogoń Grodzisk Mazowiecki
76%
Znicz Pruszków
74%
Stal Rzeszów
72%
Odra Opole
70%
Polonia Bytom
70%
Chrobry Głogów
69%
Pogoń Siedlce
65%
Górnik Łęczna
59%
Nie znaleziono quizów pasujących do podanych kryteriów
Rozkład punktacji
Procent ludzi z każdym wynikiem
Percentyl według liczby udzielonych odpowiedzi
Twoja historia wyników
Nie rozwiązałeś tego quizu